| 000 | 01966nam a22002417a 4500 | ||
|---|---|---|---|
| 003 | URS | ||
| 005 | 20240416181802.0 | ||
| 008 | 240126b |||||||| |||| 00| 0 eng d | ||
| 050 | 0 | 0 |
_aLG 221.R59 D648 _b2022 |
| 100 | 1 |
_aDizon, Jane S. _eResearcher |
|
| 245 | 1 | 0 |
_aRecords Management Practices of Metropolitan Manila Development Authority (MMDA) Towards Effective Implementation/ _cJane S. Dizon |
| 260 | 1 | _c2022 | |
| 300 |
_axii, 85 leaves _billustration _c28 cm |
||
| 336 |
_2rda content _atext |
||
| 337 |
_2rda media _aunmediated |
||
| 338 |
_2rda carrier _avolume |
||
| 502 |
_aGSTHESIS _bMaster in Public Administration _cUniversity of Rizal System, Rodriguez, Rizal |
||
| 520 | _aThis study was conducted during C.Y. 2021-2022 to assess the Records Management Practices of Metropolitan Manila Development Authority (MMDA) towards Effective Implementation. The study was focused on 102 respondents for the quantitative approach and 10 participants for qualitative, Qualitative approach used phenomenological design and quantitative approach used descriptive survey of which results have been supported by participants' view. The researcher developed interview guide and adopted a questionnaire checklist which was validated by the experts as to language and relevance before gathering the needed data. From the gathered data, the following findings are hereby summarized: As for Records Management Practices in terms of records creation and validation (M=4.29), the agency has adopted significant measures to handle records, however, the agency has yet to improve particularly its resources to maintain, secure and protect documents. On records maintenance and use (M=4.08), the system assures the public that record keeping is not a task for compliance. | ||
| 650 | _2Management practices of MMDA | ||
| 700 |
_aInarda, Analyn V. _eAdviser |
||
| 856 |
_3Online Request for Student Unpublished Works _uhttps://forms.gle/7LqvGGkaDrUQqz429 |
||
| 942 |
_2lcc _cT |
||
| 999 |
_c77693 _d77692 |
||